000 00423nam a2200157 i 4500
001 95581
003 ES-MaACL
005 20230906181733.0
007 t|
008 050531s1958 sp ||||1| spa d
100 1 _aLlimona, Oriol.
_972780
245 1 0 _aInvitación a la música /
_cOriol Llimona.
260 _aBarcelona :
_bGrafos,
_c1958.
300 _a342 p., 7 lám. ;
_c21 cm.
852 _aES-MaACL
_jC-14978
_bR.46106
999 _c95581
_d95581